[Event "Tradewise Gibraltar ChallWk1"]
[Site "Gibraltar"]
[Date "2017.01.25"]
[Round "3.6"]
[White "Lochte, Thomas"]
[Black "Pinho, Paulo"]
[Result "1-0"]
[WhiteElo "2070"]
[BlackElo "2220"]
[PlyCount "45"]
[EventDate "2017.01.23"]
[EventType "swiss"]
[EventRounds "5"]
[EventCountry "GGB"]
[SourceTitle "BritBase"]
[Source "www.saund.co.uk"]
[SourceDate "2018.02.10"]
[SourceVersion "1"]
[SourceVersionDate "2018.02.10"]
[SourceQuality "1"]

1. e4 c5 2. d4 cxd4 3. c3 dxc3 4. Nxc3 e6 5. Nf3 Bc5 6. Bc4 Ne7 7. O-O Ng6 8.
e5 O-O 9. Ne4 Be7 10. Re1 Qc7 11. Bd3 Nc6 12. Bg5 Qd8 13. Bxe7 Qxe7 14. Nd6 b6
15. Be4 Rb8 16. Rc1 Rd8 17. h4 Nxh4 18. Nxh4 Qxh4 19. Rc3 h6 20. Rh3 Qe7 21.
Qh5 Rf8 22. Ree3 f5 23. Reg3 1-0

[Event "Tradewise Gibraltar ChallWk1"]
[Site "Gibraltar"]
[Date "2017.01.25"]
[Round "3.7"]
[White "Korning, Peter"]
[Black "Villar Reymundo, Juan Antonio"]
[Result "1/2-1/2"]
[WhiteElo "2080"]
[BlackElo "2212"]
[PlyCount "124"]
[EventDate "2017.01.23"]
[EventType "swiss"]
[EventRounds "5"]
[EventCountry "GGB"]
[SourceTitle "BritBase"]
[Source "www.saund.co.uk"]
[SourceDate "2018.02.10"]
[SourceVersion "1"]
[SourceVersionDate "2018.02.10"]
[SourceQuality "1"]

1. e4 c5 2. d4 cxd4 3. c3 dxc3 4. Nxc3 Nc6 5. Nf3 d6 6. Bc4 a6 7. O-O Nf6 8.
Bf4 Bg4 9. h3 Bxf3 10. Qxf3 e6 11. Rfd1 Qb8 12. Be2 b5 13. e5 Nxe5 14. Bxe5
dxe5 15. Qc6+ Ke7 16. Nxb5 Nd5 17. Rxd5 exd5 18. Nc7 Ra7 19. Nxd5+ Kd8 20. Rd1
Rd7 21. Qxa6 Qa7 22. Qc4 Qc5 23. Qa6 Qa7 24. Qc4 h5 25. Rc1 Qb8 26. a4 Rh6 27.
a5 Rhd6 28. Bf3 g5 29. Nb4 Rd1+ 30. Rxd1 Rxd1+ 31. Bxd1 Qxb4 32. Qxb4 Bxb4 33.
Bxh5 Bxa5 34. Bxf7 Ke7 35. Bc4 Kd6 36. Kf1 Kc5 37. Bf7 e4 38. Ke2 Kd4 39. g3
Bb4 40. h4 gxh4 41. gxh4 Be7 42. h5 Bg5 43. b4 Bh6 44. b5 Kc5 45. Be8 Bg5 46.
Kf1 Kb6 47. Kg2 Kc7 48. Kg3 Kd8 49. Bc6 e3 50. fxe3 Bxe3 51. Kg4 Ke7 52. Kf5
Kf8 53. Kg6 Kg8 54. h6 Kh8 55. Be4 Bd4 56. Kf7 Be3 57. h7 Bd4 58. Ke6 Be3 59.
Kd5 Bf2 60. Kc6 Be3 61. b6 Bxb6 62. Kxb6 Kg7 1/2-1/2

[Event "Tradewise Gibraltar ChallWk1"]
[Site "Gibraltar"]
[Date "2017.01.25"]
[Round "3.8"]
[White "Kulkarni, Chinmay"]
[Black "Anuprita, Patil"]
[Result "1-0"]
[WhiteElo "2208"]
[BlackElo "2066"]
[PlyCount "117"]
[EventDate "2017.01.23"]
[EventType "swiss"]
[EventRounds "5"]
[EventCountry "GGB"]
[SourceTitle "BritBase"]
[Source "www.saund.co.uk"]
[SourceDate "2018.02.10"]
[SourceVersion "1"]
[SourceVersionDate "2018.02.10"]
[SourceQuality "1"]

1. Nf3 Nf6 2. c4 c5 3. g3 g6 4. Bg2 Bg7 5. O-O Nc6 6. d4 cxd4 7. Nxd4 O-O 8.
Nc3 Rb8 9. Nc2 d6 10. b3 Qa5 11. Bb2 Qh5 12. e4 Bg4 13. f3 Bh3 14. Rb1 Qc5+ 15.
Kh1 Bxg2+ 16. Kxg2 a6 17. a4 Qb6 18. Ba1 Nb4 19. Re1 Nxc2 20. Qxc2 Rbc8 21. Re2
Rfd8 22. Rbe1 e6 23. Qd1 Nd7 24. Qc2 Ne5 25. Rd1 Nc6 26. Red2 Nb4 27. Qb1 Qe3
28. Re2 Qc5 29. Bb2 Nc6 30. Red2 Qb4 31. Qa1 Qxb3 32. Nd5 exd5 33. Bxg7 Ne5 34.
Bxe5 dxe5 35. cxd5 Rc2 36. Qxe5 Qxa4 37. Qg5 Rxd2+ 38. Rxd2 Qa5 39. Rc2 b5 40.
Qe7 b4 41. Rb2 Rb8 42. d6 Qd8 43. Rxb4 Ra8 44. Qxd8+ Rxd8 45. e5 Ra8 46. f4 a5
47. Ra4 Kf8 48. Kf3 Ke8 49. Ke4 Kd7 50. Kd5 h5 51. h3 Ra7 52. g4 hxg4 53. hxg4
Ra8 54. f5 gxf5 55. gxf5 Ra6 56. e6+ fxe6+ 57. fxe6+ Ke8 58. Rh4 Kf8 59. e7+
1-0

[Event "Tradewise Gibraltar ChallWk1"]
[Site "Gibraltar"]
[Date "2017.01.25"]
[Round "3.9"]
[White "Derakhshani, Borna"]
[Black "Green, Per"]
[Result "1-0"]
[WhiteElo "2195"]
[BlackElo "1956"]
[PlyCount "69"]
[EventDate "2017.01.23"]
[EventType "swiss"]
[EventRounds "5"]
[EventCountry "GGB"]
[SourceTitle "BritBase"]
[Source "www.saund.co.uk"]
[SourceDate "2018.02.10"]
[SourceVersion "1"]
[SourceVersionDate "2018.02.10"]
[SourceQuality "1"]

1. d4 Nf6 2. Bf4 d5 3. e3 c5 4. c3 Qb6 5. Qb3 Nc6 6. Nd2 g6 7. Ngf3 Bg7 8. Qa3
cxd4 9. exd4 Bf5 10. Nh4 Bd7 11. Bd3 O-O 12. O-O Rfe8 13. Bg3 Nh5 14. Qb3 Nxg3
15. hxg3 Qxb3 16. axb3 e5 17. dxe5 Nxe5 18. Bc2 Nc6 19. Rfd1 Bg4 20. Ndf3 d4
21. cxd4 Re2 22. Bd3 Rxb2 23. Bc4 a6 24. d5 Ne5 25. d6 Nxc4 26. bxc4 g5 27.
Nxg5 Bxd1 28. Rxd1 Bf6 29. Ne4 Bd8 30. Nf5 a5 31. Re1 f6 32. d7 Kf7 33. Ned6+
Kg6 34. Re8 h6 35. Rg8+ 1-0

[Event "Tradewise Gibraltar ChallWk1"]
[Site "Gibraltar"]
[Date "2017.01.25"]
[Round "3.10"]
[White "Kandic, Milan"]
[Black "Osuna Vega, Enrique"]
[Result "1-0"]
[WhiteElo "2061"]
[BlackElo "2181"]
[PlyCount "109"]
[EventDate "2017.01.23"]
[EventType "swiss"]
[EventRounds "5"]
[EventCountry "GGB"]
[SourceTitle "BritBase"]
[Source "www.saund.co.uk"]
[SourceDate "2018.02.10"]
[SourceVersion "1"]
[SourceVersionDate "2018.02.10"]
[SourceQuality "1"]
[TimeControl "6600+1340"]
[WhiteClock "0:01:29"]
[BlackClock "0:00:33"]

1. e4 d6 2. d4 Nf6 3. f3 e5 4. Be3 Nbd7 5. Nc3 c6 6. Nge2 h5 7. h4 Qa5 8. a4 d5
9. Bd2 dxe4 10. Nxe4 Qc7 11. Ng5 Bd6 12. Bc3 Nb6 13. dxe5 Bxe5 14. Bxe5 Qxe5
15. Qd8+ Kxd8 16. Nxf7+ Kc7 17. Nxe5 Re8 18. Nd3 Bf5 19. b3 Nbd5 20. Kf2 Ne3
21. Nd4 Bh7 22. Re1 Nfd5 23. Nf4 Nxf4 24. Rxe3 Rxe3 25. Kxe3 Rd8 26. g3 Nd5+
27. Kf2 Kb6 28. Bc4 Nc3 29. Ke3 c5 30. Ne6 Rd7 31. Nf8 Nd1+ 32. Rxd1 Rxd1 33.
Nxh7 Rg1 34. Kf4 Rg2 35. Bd3 c4 36. Bxc4 Rxc2 37. Be6 Kc5 38. Ng5 Kd6 39. Bf7
Rb2 40. Ne4+ Ke7 41. Bd5 Rb1 42. Kg5 Rf1 43. f4 Rd1 44. Bxb7 Rd3 45. Kxh5 Rxb3
46. Bc6 Rb6 47. Bb5 a6 48. Bd3 Rb4 49. Kg6 Kf8 50. Nc5 Rb6+ 51. Kg5 Rd6 52. f5
Rd5 53. Ne6+ Ke7 54. Bxa6 g6 55. Kxg6 1-0

[Event "Tradewise Gibraltar ChallWk1"]
[Site "Gibraltar"]
[Date "2017.01.25"]
[Round "3.11"]
[White "Lawson, Dominic Ralph"]
[Black "Aroven, Mikael"]
[Result "1/2-1/2"]
[WhiteElo "2027"]
[BlackElo "2172"]
[PlyCount "73"]
[EventDate "2017.01.23"]
[EventType "swiss"]
[EventRounds "5"]
[EventCountry "GGB"]
[SourceTitle "BritBase"]
[Source "www.saund.co.uk"]
[SourceDate "2018.02.10"]
[SourceVersion "1"]
[SourceVersionDate "2018.02.10"]
[SourceQuality "1"]

1. e4 c5 2. Nc3 g6 3. d4 Bg7 4. dxc5 Qa5 5. Bd2 Qxc5 6. Nd5 a6 7. Be3 Qc6 8.
Nb6 Bxb2 9. Rb1 Bc3+ 10. Ke2 Nf6 11. f3 d5 12. exd5 Qc7 13. Nxa8 Qe5 14. Nb6
O-O 15. Kf2 Rd8 16. g3 Nbd7 17. Nxc8 Rxc8 18. Ne2 Qf5 19. Nf4 g5 20. Bh3 Qe5
21. Bxd7 Nxd7 22. Ne2 Nf6 23. Bd4 Qf5 24. Nxc3 Ng4+ 25. Ke2 e5 26. dxe6 Rxc3
27. Bxc3 Qxe6+ 28. Kf1 Ne3+ 29. Kf2 Nxd1+ 30. Rhxd1 h5 31. Rxb7 Qxa2 32. Rd8+
Kh7 33. Rh8+ Kg6 34. Rg8+ Kf5 35. Bb2 Qd5 36. Re7 Qc5+ 37. Re3 1/2-1/2

[Event "Tradewise Gibraltar ChallWk1"]
[Site "Gibraltar"]
[Date "2017.01.25"]
[Round "3.12"]
[White "Lopez De Turiso, Jose Angel"]
[Black "Alberto, Manuel"]
[Result "1-0"]
[WhiteElo "2019"]
[BlackElo "2168"]
[PlyCount "134"]
[EventDate "2017.01.23"]
[EventType "swiss"]
[EventRounds "5"]
[EventCountry "GGB"]
[SourceTitle "BritBase"]
[Source "www.saund.co.uk"]
[SourceDate "2018.02.10"]
[SourceVersion "1"]
[SourceVersionDate "2018.02.10"]
[SourceQuality "1"]

1. d4 Nf6 2. c4 c5 3. Nf3 d6 4. Nc3 Nbd7 5. e3 e6 6. Be2 a6 7. O-O Be7 8. Qc2
O-O 9. dxc5 Nxc5 10. b4 Ncd7 11. a3 b6 12. Bb2 Bb7 13. Rac1 Qc7 14. Qb3 Rac8
15. Nb1 Rfe8 16. Nbd2 Qb8 17. h3 Qa8 18. Qa2 a5 19. Qa1 Bf8 20. Rfe1 d5 21.
bxa5 Qxa5 22. cxd5 Bxd5 23. Rxc8 Rxc8 24. Rc1 Ra8 25. Nc4 Qa4 26. Nfe5 b5 27.
Nxd7 Nxd7 28. Nd2 Qa5 29. Bc3 Qxa3 30. Qxa3 Bxa3 31. Rb1 b4 32. Bxb4 Bxb4 33.
Rxb4 Ra2 34. Rd4 Nf8 35. Bf3 Bxf3 36. Nxf3 f6 37. Rb4 e5 38. Rb7 Ra4 39. h4 h5
40. g3 Ne6 41. Re7 Nc5 42. Rc7 Ne4 43. Rc2 Kh7 44. Kg2 Ra3 45. Rb2 Nd6 46. Rd2
Nf5 47. Kg1 Kg6 48. Kg2 Nh6 49. Kg1 Kf5 50. Kg2 Ng4 51. Kg1 g6 52. Kg2 Ra1 53.
Nh2 e4 54. Nxg4 Kxg4 55. Rd6 Kf5 56. Rd5+ Ke6 57. Rb5 Rd1 58. Rb4 Ke5 59. Rb5+
Rd5 60. Rb8 Ra5 61. Rd8 Kf5 62. Rh8 Kg4 63. Rh6 g5 64. Rxf6 Re5 65. hxg5 Kxg5
66. Rf4 Re8 67. Kh3 Re7 1-0

[Event "Tradewise Gibraltar ChallWk1"]
[Site "Gibraltar"]
[Date "2017.01.25"]
[Round "3.13"]
[White "Elishev, Ivan"]
[Black "Gostelow, David W"]
[Result "1-0"]
[WhiteElo "2143"]
[BlackElo "1970"]
[PlyCount "34"]
[EventDate "2017.01.23"]
[EventType "swiss"]
[EventRounds "5"]
[EventCountry "GGB"]
[SourceTitle "BritBase"]
[Source "www.saund.co.uk"]
[SourceDate "2018.02.10"]
[SourceVersion "1"]
[SourceVersionDate "2018.02.10"]
[SourceQuality "1"]

1. c4 e5 2. g3 Nf6 3. Bg2 d5 4. cxd5 Nxd5 5. Nc3 Nb6 6. Nf3 Nc6 7. O-O Be7 8.
a3 O-O 9. b4 Be6 10. d3 f6 11. Be3 Nd5 12. Nxd5 Bxd5 13. Re1 a5 14. b5 Nd4 15.
Bxd4 exd4 16. Qa4 c5 17. bxc6 Bxc6 1-0

[Event "Tradewise Gibraltar ChallWk1"]
[Site "Gibraltar"]
[Date "2017.01.25"]
[Round "3.14"]
[White "Herzwurm, Robert"]
[Black "Sedgwick, David"]
[Result "1/2-1/2"]
[WhiteElo "2143"]
[BlackElo "1943"]
[PlyCount "98"]
[EventDate "2017.01.23"]
[EventType "swiss"]
[EventRounds "5"]
[EventCountry "GGB"]
[SourceTitle "BritBase"]
[Source "www.saund.co.uk"]
[SourceDate "2018.02.10"]
[SourceVersion "1"]
[SourceVersionDate "2018.02.10"]
[SourceQuality "1"]

1. e4 e6 2. d4 d5 3. e5 c5 4. c3 Qb6 5. Nf3 Nc6 6. a3 Bd7 7. b4 cxb4 8. cxb4
Nge7 9. Be2 Nf5 10. Bb2 Be7 11. Qd3 Na5 12. Nbd2 Rc8 13. Rc1 O-O 14. O-O Nc4
15. Nxc4 dxc4 16. Qc3 Qd8 17. Nd2 b5 18. Ne4 Bc6 19. Nc5 Nh4 20. f3 Bg5 21.
Rcd1 Qd5 22. Ne4 Bh6 23. Bc1 Bxc1 24. Qxc1 Qd8 25. Nd6 Rc7 26. Qf4 Ng6 27. Qe3
Qh4 28. g3 Qh6 29. Qxh6 gxh6 30. f4 Ne7 31. Bf3 Bxf3 32. Rxf3 a6 33. f5 Nd5 34.
Ne4 exf5 35. Nf6+ Nxf6 36. exf6 Rd7 37. Rxf5 Rd6 38. a4 bxa4 39. Ra5 Rxf6 40.
Rxa4 Rd8 41. Ra5 Rfd6 42. d5 Rb8 43. Ra4 Rb5 44. Rd4 c3 45. Ra3 c2 46. Rc3
Rbxd5 47. Rxd5 Rxd5 48. Rxc2 Rb5 49. Ra2 Rxb4 1/2-1/2

[Event "Tradewise Gibraltar ChallWk1"]
[Site "Gibraltar"]
[Date "2017.01.25"]
[Round "3.15"]
[White "Cholleti, Sahajasri"]
[Black "Jordan Martinez, Miguel"]
[Result "1-0"]
[WhiteElo "1987"]
[BlackElo "2142"]
[PlyCount "97"]
[EventDate "2017.01.23"]
[EventType "swiss"]
[EventRounds "5"]
[EventCountry "GGB"]
[SourceTitle "BritBase"]
[Source "www.saund.co.uk"]
[SourceDate "2018.02.10"]
[SourceVersion "1"]
[SourceVersionDate "2018.02.10"]
[SourceQuality "1"]

1. Nf3 d5 2. c4 d4 3. g3 c5 4. Bg2 Nc6 5. d3 e5 6. O-O Be7 7. a3 a5 8. e3 Nf6
9. exd4 exd4 10. Bg5 O-O 11. Nbd2 Bf5 12. Ne1 Nd7 13. Bxe7 Qxe7 14. Ne4 Ra6 15.
Nc2 Rb6 16. Rb1 Nde5 17. Re1 a4 18. f4 Nd7 19. Nc3 Qd6 20. Nxa4 Ra6 21. b3 Nf6
22. Nxc5 Qxc5 23. b4 Qd6 24. b5 Ra7 25. bxc6 bxc6 26. Rb6 Bd7 27. Qa1 Qc5 28.
Qxd4 Qa5 29. Reb1 c5 30. Qf2 Bf5 31. R6b5 Qd8 32. Qxc5 Bxd3 33. Qxa7 Bxc2 34.
Rb8 Qd6 35. Rxf8+ Kxf8 36. Qb8+ Ne8 37. Qxd6+ Nxd6 38. Rc1 Bf5 39. c5 Nb5 40.
c6 Nc7 41. a4 Ke7 42. a5 Kd6 43. Ra1 Bc8 44. Rd1+ Kc5 45. Rd8 Be6 46. Rb8 Bc4
47. Rb7 Kd6 48. Kf2 f6 49. Ke3 1-0

[Event "Tradewise Gibraltar ChallWk1"]
[Site "Gibraltar"]
[Date "2017.01.25"]
[Round "3.16"]
[White "Burke, Mitchell R"]
[Black "Burrows, Martin P"]
[Result "1/2-1/2"]
[WhiteElo "1975"]
[BlackElo "2124"]
[PlyCount "78"]
[EventDate "2017.01.23"]
[EventType "swiss"]
[EventRounds "5"]
[EventCountry "GGB"]
[SourceTitle "BritBase"]
[Source "www.saund.co.uk"]
[SourceDate "2018.02.10"]
[SourceVersion "1"]
[SourceVersionDate "2018.02.10"]
[SourceQuality "1"]

1. e4 c5 2. Nf3 d6 3. c3 Nf6 4. h3 Nc6 5. Bd3 g6 6. O-O Bg7 7. Bc2 e5 8. d4 O-O
9. dxc5 dxc5 10. Qxd8 Rxd8 11. Bg5 h6 12. Bxf6 Bxf6 13. Nbd2 Be6 14. Rfd1 Kf8
15. Nf1 Rxd1 16. Rxd1 Rd8 17. Rxd8+ Bxd8 18. Bb3 Bxb3 19. axb3 Ke7 20. N1d2 Ke6
21. Kf1 f5 22. Ke2 b5 23. Kd3 Bb6 24. Ne1 Na5 25. f3 Nb7 26. Nc2 Na5 27. Ne3
Bd8 28. Nd5 Kd6 29. g4 Bg5 30. Ne3 Bxe3 31. Kxe3 f4+ 32. Ke2 Nc6 33. h4 Ne7 34.
Kd3 Nc8 35. Nb1 Nb6 36. Nd2 Kc6 37. Kc2 a5 38. Kc1 c4 39. b4 a4 1/2-1/2

[Event "Tradewise Gibraltar ChallWk1"]
[Site "Gibraltar"]
[Date "2017.01.25"]
[Round "3.17"]
[White "Dizdar, Orkun"]
[Black "Seraoui, Mohcen"]
[Result "0-1"]
[WhiteElo "1942"]
[BlackElo "2100"]
[PlyCount "94"]
[EventDate "2017.01.23"]
[EventType "swiss"]
[EventRounds "5"]
[EventCountry "GGB"]
[SourceTitle "BritBase"]
[Source "www.saund.co.uk"]
[SourceDate "2018.02.10"]
[SourceVersion "1"]
[SourceVersionDate "2018.02.10"]
[SourceQuality "1"]

1. d4 Nf6 2. c4 g6 3. Nc3 Bg7 4. e4 d6 5. Be2 c5 6. dxc5 Qa5 7. Bd2 Qxc5 8. Nf3
O-O 9. O-O Nc6 10. Be3 Qa5 11. h3 Bd7 12. Rc1 Rfc8 13. Qd2 a6 14. c5 Ne8 15. e5
Nxe5 16. Nd5 Nxf3+ 17. Bxf3 Qxd2 18. Bxd2 Rxc5 19. Rxc5 dxc5 20. Bf4 Bb5 21.
Rd1 Bd4 22. a4 Bd7 23. Nb6 Rd8 24. b4 Bc6 25. Bxc6 bxc6 26. Be3 Nc7 27. bxc5
Ne6 28. Bxd4 Rxd4 29. Rxd4 Nxd4 30. Nc4 Nb3 31. Ne5 Nxc5 32. a5 f6 33. Nxc6 Kf7
34. Kf1 Ke6 35. Ke2 Kd5 36. Nxe7+ Kc4 37. Ke3 Nb7 38. g4 Nxa5 39. h4 Kc5 40.
Nxg6 hxg6 41. h5 Nc4+ 42. Kf4 Nd6 43. hxg6 Ne8 44. g5 fxg5+ 45. Kxg5 a5 46. f4
Kd6 47. f5 Ke7 0-1

[Event "Tradewise Gibraltar ChallWk1"]
[Site "Gibraltar"]
[Date "2017.01.25"]
[Round "3.18"]
[White "Schouten, Freek"]
[Black "Stuhlmann, Alexander"]
[Result "1-0"]
[WhiteElo "2095"]
[BlackElo "1906"]
[PlyCount "65"]
[EventDate "2017.01.23"]
[EventType "swiss"]
[EventRounds "5"]
[EventCountry "GGB"]
[SourceTitle "BritBase"]
[Source "www.saund.co.uk"]
[SourceDate "2018.02.10"]
[SourceVersion "1"]
[SourceVersionDate "2018.02.10"]
[SourceQuality "1"]

1. d4 Nf6 2. Bg5 e6 3. e4 Be7 4. Nd2 d5 5. e5 Nfd7 6. Bxe7 Qxe7 7. Bd3 c5 8. c3
Nc6 9. Ne2 Ncb8 10. Ng1 Nc6 11. Ne2 cxd4 12. cxd4 Qb4 13. Qb3 Nb6 14. a3 Qxb3
15. Nxb3 Nc4 16. Bxc4 dxc4 17. Nc5 b6 18. Ne4 Ke7 19. O-O Rd8 20. Nd6 Na5 21.
Rac1 Ba6 22. Rfd1 Rd7 23. Rc3 f5 24. Rg3 g6 25. Rh3 h5 26. Rg3 Rg8 27. Nf4 g5
28. Nxh5 c3 29. Rxc3 Be2 30. Nf6 Bxd1 31. Nxg8+ Kf8 32. Rc8+ Kg7 33. Nf6 1-0

[Event "Tradewise Gibraltar ChallWk1"]
[Site "Gibraltar"]
[Date "2017.01.25"]
[Round "3.19"]
[White "Mayank, Pal"]
[Black "Lung, Liviu-Catalin"]
[Result "0-1"]
[WhiteElo "1919"]
[BlackElo "2090"]
[PlyCount "88"]
[EventDate "2017.01.23"]
[EventType "swiss"]
[EventRounds "5"]
[EventCountry "GGB"]
[SourceTitle "BritBase"]
[Source "www.saund.co.uk"]
[SourceDate "2018.02.10"]
[SourceVersion "1"]
[SourceVersionDate "2018.02.10"]
[SourceQuality "1"]

1. e4 c5 2. Nf3 d6 3. d4 cxd4 4. Nxd4 Nf6 5. Nc3 g6 6. Be3 Bg7 7. f3 O-O 8. Qd2
Nc6 9. Bc4 Bd7 10. O-O-O Rc8 11. Bb3 Ne5 12. Kb1 Nc4 13. Bxc4 Rxc4 14. g4 b5
15. Nb3 b4 16. Ne2 Qc7 17. e5 dxe5 18. Ng3 Bc6 19. Rhf1 Nd5 20. Qe2 Rxc2 21.
Qxc2 Nxe3 22. Qc5 Nxf1 23. Nxf1 Qb6 24. Qxb6 axb6 25. Nfd2 f5 26. Re1 Rd8 27.
Kc2 Ba4 28. gxf5 Bh6 29. Nf1 Bb5 30. Nfd2 Bd3+ 31. Kd1 gxf5 32. Rxe5 Kf7 33.
Re1 Kf6 34. Rg1 Be3 35. Rg2 Bf1 36. Re2 Bxe2+ 37. Kxe2 Bxd2 38. Nxd2 Ra8 39.
Nc4 Rxa2 40. Nxb6 Rxb2+ 41. Ke3 Rxh2 42. Nd5+ Ke5 43. Nxb4 f4+ 44. Kd3 Rf2 0-1

[Event "Tradewise Gibraltar ChallWk1"]
[Site "Gibraltar"]
[Date "2017.01.25"]
[Round "3.20"]
[White "Marcos Herrero, Francisco"]
[Black "Ungureanu, Sandu"]
[Result "1-0"]
[WhiteElo "1918"]
[BlackElo "2071"]
[PlyCount "243"]
[EventDate "2017.01.23"]
[EventType "swiss"]
[EventRounds "5"]
[EventCountry "GGB"]
[SourceTitle "BritBase"]
[Source "www.saund.co.uk"]
[SourceDate "2018.02.10"]
[SourceVersion "1"]
[SourceVersionDate "2018.02.10"]
[SourceQuality "1"]

1. Nf3 c5 2. c4 Nc6 3. Nc3 e5 4. g3 f5 5. d3 d6 6. Bg2 Nf6 7. O-O Be7 8. a3 O-O
9. Rb1 a5 10. Ne1 h6 11. Nc2 g5 12. Ne3 Kg7 13. Ned5 f4 14. Nxf6 Rxf6 15. Nd5
Rf7 16. e3 fxg3 17. hxg3 g4 18. Be4 Bg5 19. Bd2 h5 20. f4 gxf3 21. Rxf3 Rxf3
22. Qxf3 Bg4 23. Qg2 Qg8 24. Nc7 Rc8 25. Bd5 Qh7 26. Be4 Qg8 27. Nb5 Qe6 28.
Rf1 Bh3 29. Qh2 Bxf1 30. Qxh5 Qh6 31. Qxh6+ Kxh6 32. Kxf1 Nd4 33. Nxd6 Rf8+ 34.
Kg2 Nb3 35. Bc3 b6 36. Bxe5 Nd2 37. Bf4 Bxf4 38. exf4 Kg7 39. Bd5 Rd8 40. Ne4
Nb3 41. f5 b5 42. g4 b4 43. Kg3 bxa3 44. bxa3 Rh8 45. f6+ Kg6 46. f7 Kg7 47. g5
Rh1 48. Nf6 Rf1 49. Nd7 Nc1 50. Nxc5 Ne2+ 51. Kg4 Rf4+ 52. Kh3 Rf5 53. Ne6+
Kxf7 54. Nf4+ Ke7 55. Nxe2 Rxg5 56. Ng3 Kd7 57. d4 Rg7 58. Kg2 Kd6 59. Kf3 Rh7
60. a4 Rh2 61. Ne4+ Kc7 62. Kf4 Ra2 63. Nc5 Kd6 64. Nb7+ Kc7 65. Nxa5 Rxa4 66.
Nb3 Kd6 67. Ke4 Ra2 68. c5+ Kc7 69. Kd3 Rh2 70. Kc4 Rc2+ 71. Kb5 Rb2 72. Bc4
Rb1 73. d5 Rd1 74. d6+ Rxd6 75. cxd6+ Kxd6 76. Nd2 Ke5 77. Kc5 Kf4 78. Kd4 Kf5
79. Ne4 Kg6 80. Ke5 Kg7 81. Kf5 Kh6 82. Ng5 Kg7 83. Ne4 Kh6 84. Ng5 Kg7 85.
Ne6+ Kh7 86. Kf6 Kh8 87. Nf4 Kh7 88. Ng6 Kh6 89. Bg8 Kh5 90. Ne5 Kh4 91. Kf5
Kg3 92. Ng4 Kf3 93. Bc4 Kg3 94. Be2 Kh4 95. Kf4 Kh5 96. Bc4 Kg6 97. Be6 Kg7 98.
Kg5 Kh8 99. Ne5 Kg7 100. Nd7 Kh8 101. Kf6 Kh7 102. Ne5 Kh8 103. Nf7+ Kh7 104.
Bf5+ Kg8 105. Bg6 Kf8 106. Bh7 Ke8 107. Ne5 Kd8 108. Ke6 Kc7 109. Nd7 Kc8 110.
Kd6 Kb7 111. Bd3 Kc8 112. Be4 Kd8 113. Bg6 Kc8 114. Nc5 Kb8 115. Kc6 Kc8 116.
Nb7 Kb8 117. Kb6 Kc8 118. Bf5+ Kb8 119. Nc5 Ka8 120. Be6 Kb8 121. Na6+ Ka8 122.
Bd5# 1-0

[Event "Tradewise Gibraltar ChallWk1"]
[Site "Gibraltar"]
[Date "2017.01.25"]
[Round "3.21"]
[White "Gonzalez Pabollet, Jesus Maria"]
[Black "Kozarcanin, Sead"]
[Result "0-1"]
[WhiteElo "1900"]
[BlackElo "2069"]
[PlyCount "92"]
[EventDate "2017.01.23"]
[EventType "swiss"]
[EventRounds "5"]
[EventCountry "GGB"]
[SourceTitle "BritBase"]
[Source "www.saund.co.uk"]
[SourceDate "2018.02.10"]
[SourceVersion "1"]
[SourceVersionDate "2018.02.10"]
[SourceQuality "1"]

1. b3 e5 2. Bb2 Nc6 3. e3 Nf6 4. Bb5 d6 5. Ne2 a6 6. Bxc6+ bxc6 7. d4 exd4 8.
Nxd4 c5 9. Nf3 Bb7 10. O-O Be7 11. Qe2 Qd7 12. Nbd2 O-O 13. Rad1 Qf5 14. c4 Ne4
15. Nxe4 Bxe4 16. Ne1 Rfe8 17. f3 Bc6 18. e4 Qe6 19. Nd3 Bg5 20. e5 Qc8 21. Qf2
Bh6 22. Rfe1 Qf5 23. Qg3 Re6 24. Qg4 Qxg4 25. fxg4 Rae8 26. h4 g5 27. Bc1 gxh4
28. Bxh6 Rxh6 29. exd6 Rxe1+ 30. Rxe1 cxd6 31. Nf4 Rf6 32. Nh5 Re6 33. Rxe6
fxe6 34. Kf2 Kf7 35. Ke3 Bxg2 36. g5 e5 37. Nf6 Kg6 38. Kf2 Bc6 39. Ng4 Kxg5
40. Ne3 Kf4 41. a3 h3 42. Nf1 a5 43. Nh2 Be4 44. Nf1 Bc2 45. Nd2 e4 46. b4 e3+
0-1

[Event "Tradewise Gibraltar ChallWk1"]
[Site "Gibraltar"]
[Date "2017.01.25"]
[Round "3.22"]
[White "Jimenez Ruiz, Jose Carlos"]
[Black "Ebner, Johann"]
[Result "1/2-1/2"]
[WhiteElo "1899"]
[BlackElo "2066"]
[PlyCount "62"]
[EventDate "2017.01.23"]
[EventType "swiss"]
[EventRounds "5"]
[EventCountry "GGB"]
[SourceTitle "BritBase"]
[Source "www.saund.co.uk"]
[SourceDate "2018.02.10"]
[SourceVersion "1"]
[SourceVersionDate "2018.02.10"]
[SourceQuality "1"]

1. d4 e6 2. c4 Nf6 3. Nc3 Bb4 4. Qc2 d5 5. Nf3 O-O 6. Bg5 h6 7. Bh4 Nbd7 8. e3
c6 9. Bd3 Qa5 10. O-O c5 11. cxd5 exd5 12. a3 Bxc3 13. bxc3 c4 14. Bf5 Re8 15.
Rfe1 Ne4 16. Bxe4 Rxe4 17. Bg3 Re8 18. Nd2 Nf6 19. f3 Be6 20. e4 b5 21. Be5 Nd7
22. exd5 Bxd5 23. Bd6 Qb6 24. Bg3 Nf6 25. Ne4 Nh5 26. Nc5 Nxg3 27. hxg3 Qd6 28.
Kf2 a5 29. Qf5 Bc6 30. Ne4 Bxe4 31. Rxe4 Rxe4 1/2-1/2

[Event "Tradewise Gibraltar ChallWk1"]
[Site "Gibraltar"]
[Date "2017.01.25"]
[Round "3.23"]
[White "Newbry, Benjamin J"]
[Black "Usleber, Helmut"]
[Result "0-1"]
[WhiteElo "1879"]
[BlackElo "2052"]
[PlyCount "58"]
[EventDate "2017.01.23"]
[EventType "swiss"]
[EventRounds "5"]
[EventCountry "GGB"]
[SourceTitle "BritBase"]
[Source "www.saund.co.uk"]
[SourceDate "2018.02.10"]
[SourceVersion "1"]
[SourceVersionDate "2018.02.10"]
[SourceQuality "1"]

1. f4 d5 2. Nf3 g6 3. g3 Bg7 4. Bg2 c5 5. O-O Nc6 6. d3 Nf6 7. c3 O-O 8. Na3
Qc7 9. Qc2 b6 10. e4 dxe4 11. dxe4 Ba6 12. Re1 e6 13. e5 Nd5 14. Ng5 b5 15. Ne4
b4 16. c4 Nd4 17. Qa4 bxa3 18. cxd5 Bb5 19. Qd1 exd5 20. Nc3 Bc6 21. Nxd5 Qb7
22. Nf6+ Bxf6 23. Bxc6 Nxc6 24. exf6 axb2 25. Rb1 bxc1=Q 26. Qxc1 Qd7 27. Qxc5
Qd4+ 28. Qxd4 Nxd4 29. Re4 Nf3+ 0-1

[Event "Tradewise Gibraltar ChallWk1"]
[Site "Gibraltar"]
[Date "2017.01.25"]
[Round "3.24"]
[White "Carlsten, Peter"]
[Black "Lapusan, Razvan"]
[Result "1/2-1/2"]
[WhiteElo "2047"]
[BlackElo "1525"]
[PlyCount "73"]
[EventDate "2017.01.23"]
[EventType "swiss"]
[EventRounds "5"]
[EventCountry "GGB"]
[SourceTitle "BritBase"]
[Source "www.saund.co.uk"]
[SourceDate "2018.02.10"]
[SourceVersion "1"]
[SourceVersionDate "2018.02.10"]
[SourceQuality "1"]

1. e4 c5 2. Nf3 Nc6 3. d4 cxd4 4. Nxd4 e5 5. Nb5 d6 6. a4 Nf6 7. N1c3 a6 8. Na3
Be7 9. Nc4 Nxe4 10. Nxe4 d5 11. Nc3 dxc4 12. Qxd8+ Nxd8 13. Nd5 Bd6 14. Nb6 Rb8
15. Nxc4 Bc7 16. Be3 O-O 17. Ba7 Ra8 18. Bb6 Bxb6 19. Nxb6 Rb8 20. Bc4 Re8 21.
O-O-O Bf5 22. Rhe1 Nc6 23. f3 Rbd8 24. c3 h5 25. Rxd8 Rxd8 26. Rd1 g5 27. Nd5
Kg7 28. Ne3 Rxd1+ 29. Kxd1 Bc8 30. b4 Ne7 31. Ke2 f5 32. a5 g4 33. Kf2 Kf6 34.
Nd5+ Nxd5 35. Bxd5 h4 36. fxg4 fxg4 37. Ke1 1/2-1/2